[Event "28th European Club Cup"]
[Site "Eilat ISR"]
[Date "2012.10.12"]
[Round "2.12"]
[White "Dambacher, Martijn"]
[Black "Haast, Mark"]
[Result "1-0"]
[WhiteTitle "IM"]
[WhiteElo "2471"]
[BlackElo "2287"]
[WhiteTeam "Eynatten"]
[BlackTeam "De Stukkenjagers"]
[WhiteFideId "1005030"]
[BlackFideId "1021133"]
[EventDate "2012.10.11"]
[EventType "team-swiss"]

1. d4 Nf6 2. c4 g6 3. Nc3 d5 4. Qb3 dxc4 5. Qxc4 Bg7 6. e4 O-O 7. Be2 Nc6 8. Nf3
Nd7 9. Be3 Nb6 10. Qd3 Bg4 11. Rd1 Bxf3 12. Bxf3 e5 13. d5 Nd4 14. h4 Qd7 15. h5
c6 16. hxg6 hxg6 17. dxc6 bxc6 18. Be2 Qe7 19. Bc1 Rfd8 20. Qh3 Kf8 21. Bg4 Nc2+
22. Kf1 Rxd1+ 23. Bxd1 Nd4 24. g3 Ke8 25. Qg4 Kd8 26. f4 Kc7 27. f5 Rh8 28. Rxh8
Bxh8 29. fxg6 Qf6+ 30. Kg2 fxg6 31. Be2 Bg7 32. Nd1 Bf8 33. Ba6 Ne6 34. Nf2 Bc5
35. Qf3 Qxf3+ 36. Kxf3 Bxf2 37. Kxf2 Nc5 38. Be2 Nxe4+ 39. Kf3 Nf6 40. Bd3 Kd6
41. Bxg6 Na4 42. Bc2 Nc5 43. Be3 e4+ 44. Ke2 Ne6 45. Bxa7 c5 46. Ke3 Kd5 47.
Bb3+ c4 48. Bd1 Ng7 49. g4 Ne6 50. a4 Nd7 51. a5 Ne5 52. Bb6 Ng5 53. a6 c3 54.
Bb3+ Kc6 55. a7 1-0

[Event "28th European Club Cup"]
[Site "Eilat ISR"]
[Date "2012.10.12"]
[Round "2.12"]
[White "Nabuurs, Mart"]
[Black "Swinkels, Robin"]
[Result "0-1"]
[BlackTitle "GM"]
[WhiteElo "2250"]
[BlackElo "2494"]
[WhiteTeam "De Stukkenjagers"]
[BlackTeam "Eynatten"]
[WhiteFideId "1018515"]
[BlackFideId "1010824"]
[EventDate "2012.10.11"]
[EventType "team-swiss"]

1. e4 c5 2. Nf3 d6 3. Nc3 Nc6 4. d4 cxd4 5. Nxd4 Nf6 6. Bc4 Qb6 7. Nb3 e6 8. Bf4
Ne5 9. Be2 Bd7 10. O-O Qc7 11. Qd2 a6 12. a4 Be7 13. Rad1 Rc8 14. f3 O-O 15. Bg5
Rfd8 16. f4 Nc4 17. Bxc4 Qxc4 18. Qd4 Qxd4+ 19. Rxd4 Bc6 20. Rfd1 Kf8 21. e5
dxe5 22. fxe5 Nd7 23. Bxe7+ Kxe7 24. Re1 b6 25. a5 b5 26. Re2 Bb7 27. Ne4 Nxe5
28. Rxd8 Rxd8 29. Nec5 Ng4 30. Rd2 Bc8 31. Nd3 Nf6 32. Re2 Nd7 33. Nbc5 Nxc5 34.
Nxc5 b4 35. Nd3 Rd4 36. Kf2 Bd7 37. Ke3 Rd5 38. Nxb4 Rxa5 39. b3 Rb5 40. Nd3 e5
41. b4 Be6 42. Re1 a5 43. c3 axb4 44. cxb4 f5 45. Ra1 Bc4 46. Ra4 f4+ 47. Kd2
Rd5 0-1

[Event "28th European Club Cup"]
[Site "Eilat ISR"]
[Date "2012.10.12"]
[Round "2.12"]
[White "Koch, Thomas1"]
[Black "Beukema, Stefan"]
[Result "0-1"]
[WhiteTitle "IM"]
[BlackTitle "FM"]
[WhiteElo "2431"]
[BlackElo "2271"]
[WhiteTeam "Eynatten"]
[BlackTeam "De Stukkenjagers"]
[WhiteFideId "4600533"]
[BlackFideId "1024523"]
[EventDate "2012.10.11"]
[EventType "team-swiss"]

1. d4 Nf6 2. c4 c5 3. d5 b5 4. Nd2 bxc4 5. e4 c3 6. bxc3 d6 7. Bd3 g6 8. Ne2 Bg7
9. Rb1 O-O 10. O-O Nbd7 11. f4 Qc7 12. c4 Rb8 13. Rxb8 Qxb8 14. Nb3 Ba6 15. Bd2
e6 16. dxe6 fxe6 17. Qc2 d5 18. e5 Ng4 19. Na5 Ndxe5 20. fxe5 Rxf1+ 21. Kxf1
Qf8+ 22. Nf4 Bxe5 23. g3 g5 24. Bxh7+ Kh8 25. Bg8 Qxg8 26. Ng6+ Kg7 27. Bxg5
Qf7+ 28. Ke1 Qxg6 29. Qxg6+ Kxg6 30. Be7 Bc3+ 0-1

[Event "28th European Club Cup"]
[Site "Eilat ISR"]
[Date "2012.10.12"]
[Round "2.12"]
[White "Haast, Anne"]
[Black "Coenen, Norbert"]
[Result "1-0"]
[WhiteTitle "WIM"]
[BlackTitle "IM"]
[WhiteElo "2232"]
[BlackElo "2327"]
[WhiteTeam "De Stukkenjagers"]
[BlackTeam "Eynatten"]
[WhiteFideId "1017292"]
[BlackFideId "4619455"]
[EventDate "2012.10.11"]
[EventType "team-swiss"]

1. e4 d5 2. exd5 Qxd5 3. Nc3 Qa5 4. d4 c6 5. Bd2 Nf6 6. Bd3 Qb6 7. Nge2 Bg4 8.
f3 Bh5 9. O-O e6 10. Kh1 Nbd7 11. Qe1 Be7 12. Ne4 Qd8 13. c4 Bg6 14. Bc3 Nxe4
15. fxe4 Nc5 16. Bc2 Nxe4 17. Bxe4 Bxe4 18. Nf4 Bf5 19. d5 Qd7 20. dxe6 fxe6 21.
Rd1 Qc8 22. Nh5 O-O 23. Bxg7 Rd8 24. Rxd8+ Qxd8 25. Rxf5 exf5 26. Qe6# 1-0

[Event "28th European Club Cup"]
[Site "Eilat ISR"]
[Date "2012.10.12"]
[Round "2.12"]
[White "Kaufeld, Juergen"]
[Black "Van Dongen, Cor"]
[Result "1/2-1/2"]
[WhiteTitle "FM"]
[WhiteElo "2326"]
[BlackElo "2357"]
[WhiteTeam "Eynatten"]
[BlackTeam "De Stukkenjagers"]
[WhiteFideId "4648498"]
[BlackFideId "1007920"]
[EventDate "2012.10.11"]
[EventType "team-swiss"]

1. d4 f5 2. g3 Nf6 3. Bg2 g6 4. Nd2 Bg7 5. e4 fxe4 6. Nxe4 Nxe4 7. Bxe4 O-O 8.
c3 d5 9. Bg2 c6 10. Bf4 Nd7 11. Nf3 Rxf4 12. gxf4 Nf6 13. Ne5 Nh5 14. Qf3 Qd6
15. O-O Bf5 16. c4 e6 17. Qb3 Rb8 18. Rfe1 Nxf4 19. Rac1 h5 20. Rc3 h4 21. h3
Qd8 22. Qd1 Qg5 23. Ng4 dxc4 24. Rxc4 Rd8 25. Qf3 Rxd4 26. Rxd4 Bxd4 27. Kh1 Nd3
28. Rd1 Bxg4 29. Qxd3 Bxd1 30. Qxd4 Bc2 31. Qxa7 Qc1+ 32. Kh2 Qf4+ 33. Kg1 Qc1+
34. Kh2 Qxb2 35. Qb8+ Kh7 36. Bxc6 Qxa2 37. Qxb7+ Kh6 38. Qe7 Qc4 39. Qf8+ Kg5
40. Qe7+ Kf5 41. Qf8+ Ke5 42. Qh8+ Kd6 43. Bg2 Bf5 44. Qd8+ Kc5 45. Qe7+ Kb5 46.
Kg1 Qd4 47. Qb7+ Kc4 48. Qc6+ Kb4 49. Qb7+ Kc3 50. Qc7+ Kd2 51. Qa5+ Kc2 52.
Qa2+ Kc1 53. Qa3+ Kb1 54. Qb3+ Qb2 55. Qa4 Qc1+ 56. Kh2 Qc7+ 57. Kg1 Qc1+ 1/2-1/2

[Event "28th European Club Cup"]
[Site "Eilat ISR"]
[Date "2012.10.12"]
[Round "2.13"]
[White "Raznikov, Danny"]
[Black "Agrest, Evgenij"]
[Result "1/2-1/2"]
[WhiteTitle "IM"]
[BlackTitle "GM"]
[WhiteElo "2465"]
[BlackElo "2614"]
[WhiteTeam "Hapoel Kfar Saba"]
[BlackTeam "Team Viking"]
[WhiteFideId "2811154"]
[BlackFideId "1705024"]
[EventDate "2012.10.11"]
[EventType "team-swiss"]

1. d4 d5 2. c4 c6 3. Nf3 Nf6 4. Qb3 dxc4 5. Qxc4 Bg4 6. Nbd2 e6 7. g3 Nbd7 8.
Bg2 Be7 9. O-O Bh5 10. Qb3 Qb6 11. Nc4 Qa6 12. Bd2 O-O 13. Rfc1 Rfd8 14. a4 Nb6
15. Nce5 Nbd7 16. Nc4 Nb6 17. Nce5 Nbd7 18. Nc4 1/2-1/2

[Event "28th European Club Cup"]
[Site "Eilat ISR"]
[Date "2012.10.12"]
[Round "2.13"]
[White "Volodin, Aleksandr"]
[Black "Boruchovsky, Avital"]
[Result "1-0"]
[WhiteTitle "GM"]
[BlackTitle "IM"]
[WhiteElo "2509"]
[BlackElo "2435"]
[WhiteTeam "Team Viking"]
[BlackTeam "Hapoel Kfar Saba"]
[WhiteFideId "4501950"]
[BlackFideId "2800055"]
[EventDate "2012.10.11"]
[EventType "team-swiss"]

1. d4 d5 2. c4 e6 3. Nc3 Bb4 4. Nf3 Nf6 5. cxd5 exd5 6. Bg5 h6 7. Qa4+ Nc6 8.
Bf4 Ne4 9. Rc1 O-O 10. e3 Bd7 11. Qb3 Qe7 12. Be2 Na5 13. Qxd5 Bc6 14. Qf5 g6
15. Qh3 Bxc3+ 16. bxc3 Qa3 17. O-O h5 18. Ne5 Qxa2 19. Bd3 Nb3 20. Nxc6 Nxc1 21.
Ne7+ Kg7 22. Be5+ f6 23. Qd7 Kh6 24. Bf4+ Ng5 25. Rxc1 Qd2 26. Rf1 Qxd3 27. h4
Rf7 28. hxg5+ fxg5 29. Qd5 Raf8 30. Qxg5+ Kg7 31. Qh6+ Kf6 32. Nxg6 1-0

[Event "28th European Club Cup"]
[Site "Eilat ISR"]
[Date "2012.10.12"]
[Round "2.13"]
[White "Givon, Asaf"]
[Black "Lindberg, Bo"]
[Result "1-0"]
[WhiteTitle "FM"]
[BlackTitle "FM"]
[WhiteElo "2405"]
[BlackElo "2403"]
[WhiteTeam "Hapoel Kfar Saba"]
[BlackTeam "Team Viking"]
[WhiteFideId "2801841"]
[BlackFideId "1705997"]
[EventDate "2012.10.11"]
[EventType "team-swiss"]

1. e4 e5 2. Nf3 Nc6 3. Bb5 a6 4. Ba4 Nf6 5. O-O Be7 6. Re1 b5 7. Bb3 d6 8. c3
O-O 9. d4 Bg4 10. d5 Na5 11. Bc2 c6 12. h3 Bc8 13. dxc6 Qc7 14. Nbd2 Qxc6 15.
Nf1 Be6 16. a4 Rfd8 17. Ng5 Bd7 18. Ne3 h6 19. Nd5 Re8 20. Nf3 Be6 21. Nxe7+
Rxe7 22. axb5 axb5 23. b3 d5 24. exd5 Bxd5 25. Ba3 Ree8 26. Nxe5 Qxc3 27. Re3
Qc7 28. Bb2 Rad8 29. Ng4 Rxe3 30. Nxf6+ gxf6 31. fxe3 Nb7 32. Bxf6 Qg3 33. Qe2
Rc8 34. Bf5 Re8 35. Bd4 Nd6 36. Rf1 Bxb3 37. Rf3 Qh4 38. Qd2 Bd5 39. Rf4 Qxf4
40. exf4 Nxf5 41. Be5 Be6 42. Qf2 Rc8 43. g4 Ne7 44. f5 Bd5 45. Qd2 Nc6 46. Bb2
Rd8 47. Qxh6 f6 48. Bxf6 Rd7 49. Qh8+ Kf7 50. g5 Ne7 51. g6+ Nxg6 52. Qg7+ Ke8
53. Qxg6+ Rf7 54. h4 1-0

[Event "28th European Club Cup"]
[Site "Eilat ISR"]
[Date "2012.10.12"]
[Round "2.13"]
[White "Cramling, Dan"]
[Black "Galburd, Yan"]
[Result "1/2-1/2"]
[WhiteTitle "IM"]
[WhiteElo "2360"]
[BlackElo "2331"]
[WhiteTeam "Team Viking"]
[BlackTeam "Hapoel Kfar Saba"]
[WhiteFideId "1700162"]
[BlackFideId "2808528"]
[EventDate "2012.10.11"]
[EventType "team-swiss"]

1. d4 Nf6 2. c4 g6 3. Nc3 d5 4. e3 Bg7 5. Qb3 e6 6. Qa3 b6 7. Nf3 Bb7 8. cxd5
exd5 9. Be2 Bf8 10. Qa4+ Bc6 11. Qc2 a6 12. Ne5 Bb7 13. Qa4+ c6 14. e4 Bg7 15.
exd5 b5 16. Qa3 Nxd5 17. Nxd5 cxd5 18. Bd2 f6 19. Ba5 Qe7 20. Bb4 Qd8 21. Nd3
Nc6 22. Nc5 Nxb4 23. Qxb4 Qd6 24. O-O O-O 25. a4 Rfb8 26. axb5 axb5 27. Rxa8
Bxa8 28. Bf3 f5 29. Re1 Rc8 30. g3 f4 31. Re6 Qf8 32. Kg2 fxg3 33. hxg3 Qf5 34.
Re3 Bh6 35. Re5 Qf8 36. Qxb5 Rb8 37. Qd7 Rd8 38. Qe6+ Qf7 39. Qg4 Bc6 40. Qh4
Rf8 41. Qg4 Bg7 42. Re3 Re8 43. Rxe8+ Qxe8 44. Nd3 Bf6 45. Qf4 Kg7 46. Ne5 Qe6
47. Bg4 Qe8 48. Bd1 Bd7 49. Bf3 Be6 50. Bg4 Bf7 51. Bd7 Qb8 52. Nxg6 Qxf4 53.
Nxf4 Bxd4 54. b4 Kf6 55. Kf3 Ke5 56. Nd3+ Kf6 57. Bc6 Ke6 58. Ba4 Kd6 59. Bc2
Bc3 60. b5 Bg6 61. Ke2 Be8 62. Ba4 h6 63. f4 Bg6 64. Nf2 h5 65. Nd1 Bd4 66. Ne3
Kc5 67. Bc2 Be8 68. Bd3 Bd7 69. f5 Bf6 70. Ng2 Bg5 71. Kf3 Kd4 72. Nf4 Ke5 73.
Nxh5 Bxf5 74. Bxf5 Kxf5 75. Nf4 Ke5 76. Ne2 Bf6 77. Kg4 Kd6 78. Kf5 Bh8 79. Nf4
Kc5 80. Ke6 d4 81. b6 Kxb6 82. Kd5 Kb5 83. Nd3 Kb6 84. g4 Bf6 85. Nf4 Kc7 86.
Ke6 Bg5 87. Kf5 Bxf4 88. Kxf4 Kd6 89. g5 Ke6 90. Ke4 1/2-1/2

[Event "28th European Club Cup"]
[Site "Eilat ISR"]
[Date "2012.10.12"]
[Round "2.13"]
[White "Ben Artzi, Ido"]
[Black "Sagit, Rauan"]
[Result "1/2-1/2"]
[BlackTitle "FM"]
[WhiteElo "2286"]
[BlackElo "2356"]
[WhiteTeam "Hapoel Kfar Saba"]
[BlackTeam "Team Viking"]
[WhiteFideId "2810913"]
[BlackFideId "1708376"]
[EventDate "2012.10.11"]
[EventType "team-swiss"]

1. d4 Nf6 2. c4 e6 3. Nc3 Bb4 4. e3 O-O 5. Bd3 d5 6. Nf3 c5 7. O-O Nc6 8. a3
Bxc3 9. bxc3 dxc4 10. Bxc4 Qc7 11. Bb2 b6 12. Qe2 Bb7 13. Ba2 e5 14. e4 Rad8 15.
d5 Ne7 16. c4 Ng6 17. Rad1 Ne8 18. Ng5 h6 19. Nh3 Bc8 20. f4 Bxh3 21. gxh3 f6
22. fxe5 Nxe5 23. Qg2 Qe7 24. Rf4 Nd6 25. Kh1 Rf7 26. Qg3 Re8 27. Bb1 Ndxc4 28.
Bc1 g5 29. h4 Rg7 30. hxg5 hxg5 31. Rf2 Nd6 32. Rdf1 Nd7 33. e5 Qxe5 34. Qg2 c4
35. Bb2 c3 36. Bc1 b5 37. Bd3 Qe7 38. Qh3 Qf7 39. Qg2 Re5 40. h4 Qxd5 41. Qxd5+
Rxd5 42. Bc2 g4 43. Bh6 g3 44. Rg2 Rg4 45. Rf4 Rd4 46. Rxd4 Rxd4 47. Rxg3+ Kf7
48. Rh3 f5 49. Be3 Rg4 50. h5 Nf6 51. h6 Kg8 52. Bd1 Rg6 53. Bd4 Kh7 54. Rxc3
Rxh6+ 55. Kg2 Nc4 56. Bxa7 Ne4 57. Rf3 Rd6 58. Bb3 Rd2+ 59. Kg1 Kg6 60. a4 Ne5
61. Re3 bxa4 62. Bxa4 Ra2 63. Be8+ Kg5 64. Bd4 Ng4 65. Rh3 Kf4 66. Bb6 Ra1+ 67.
Kg2 Ra2+ 68. Kg1 Rc2 69. Ba4 Rc3 70. Rxc3 Nxc3 71. Bd7 Nd5 72. Ba7 Ke4 73. Bxf5+ 1/2-1/2

[Event "28th European Club Cup"]
[Site "Eilat ISR"]
[Date "2012.10.12"]
[Round "2.13"]
[White "Pettersson, Anders1"]
[Black "Mindlin, Alon"]
[Result "1-0"]
[WhiteElo "2274"]
[BlackElo "2237"]
[WhiteTeam "Team Viking"]
[BlackTeam "Hapoel Kfar Saba"]
[WhiteFideId "1709771"]
[BlackFideId "2800071"]
[EventDate "2012.10.11"]
[EventType "team-swiss"]

1. Nf3 d5 2. d4 c5 3. dxc5 Nc6 4. a3 e6 5. b4 a5 6. b5 Na7 7. e3 Bxc5 8. Bb2 Nf6
9. c4 Bd7 10. Nc3 dxc4 11. Bxc4 Nc8 12. O-O Nb6 13. Bd3 Rc8 14. e4 Qe7 15. e5
Nfd5 16. Ne4 Nf4 17. g3 Nxd3 18. Qxd3 Nc4 19. Qxc4 Bxf2+ 20. Rxf2 Rxc4 21. Nd6+
Kd8 22. Nxc4 Bxb5 23. Nd6 Bc6 24. Nd4 f5 25. exf6 Qxd6 26. fxg7 Re8 27. Rf8 Kd7
28. Rxe8 Qe5 29. Rd8+ Kc7 30. Rc8+ Kb6 31. Rxc6+ bxc6 32. g8=Q Qe3+ 33. Kf1 Qd3+
34. Ke1 Qe4+ 35. Kf2 1-0

[Event "28th European Club Cup"]
[Site "Eilat ISR"]
[Date "2012.10.12"]
[Round "2.14"]
[White "Villegas, Pierre"]
[Black "Meribanov, Vitaly"]
[Result "0-1"]
[BlackTitle "FM"]
[WhiteElo "2202"]
[BlackElo "2407"]
[WhiteTeam "C.E. de Monte Carlo"]
[BlackTeam "Ladia Minsk"]
[WhiteFideId "654183"]
[BlackFideId "13504363"]
[EventDate "2012.10.11"]
[EventType "team-swiss"]

1. d4 Nf6 2. c4 c5 3. d5 b5 4. cxb5 a6 5. bxa6 g6 6. Nc3 Bxa6 7. e4 Bxf1 8. Kxf1
d6 9. g3 Bg7 10. Kg2 O-O 11. Nf3 Nbd7 12. a4 Qa5 13. Bd2 Rfb8 14. Nb5 Qb6 15.
Qe2 Ne8 16. Bg5 Kf8 17. Nd2 Qb7 18. Nc4 Nb6 19. Nxb6 Qxb6 20. h4 h6 21. Be3 h5
22. g4 Nf6 23. gxh5 Nxh5 24. f4 Kg8 25. Ra2 Qa5 26. Rha1 Qb4 27. Qc2 c4 28. Nc7
Ra5 29. Bd2 c3 30. Bxc3 Qc4 31. Rc1 Bxc3 32. Qxc3 Qxe4+ 0-1

[Event "28th European Club Cup"]
[Site "Eilat ISR"]
[Date "2012.10.12"]
[Round "2.14"]
[White "Bulanov, Dmitri"]
[Black "Nelis, Jean-Francois"]
[Result "1/2-1/2"]
[WhiteTitle "FM"]
[WhiteElo "2376"]
[BlackElo "2212"]
[WhiteTeam "Ladia Minsk"]
[BlackTeam "C.E. de Monte Carlo"]
[WhiteFideId "13506382"]
[BlackFideId "623830"]
[EventDate "2012.10.11"]
[EventType "team-swiss"]

1. d4 Nf6 2. g3 d5 3. Bg2 Bf5 4. Nf3 e6 5. O-O Be7 6. c4 c6 7. Nc3 h6 8. Qb3 Qb6
9. c5 Qxb3 10. axb3 a6 11. b4 Ne4 12. Nd2 Nxd2 13. Bxd2 Bf6 14. e4 dxe4 15. Be3
O-O 16. Nxe4 Bxe4 17. Bxe4 Nd7 18. Bg2 h5 19. Ra2 Rfe8 20. b5 axb5 21. Rfa1 Rab8
22. Ra7 Nf8 23. h4 g6 24. Rd1 Red8 25. Bf3 Rd7 26. Bf4 Rc8 27. Bd6 Nh7 28. b4
Kg7 29. Kf1 Be7 30. Be5+ Bf6 31. Bd6 Be7 32. Be5+ Bf6 33. Bd6 Be7 34. Be5+ Bf6 1/2-1/2

[Event "28th European Club Cup"]
[Site "Eilat ISR"]
[Date "2012.10.12"]
[Round "2.14"]
[White "Van Hoolandt, Patrick"]
[Black "Kocheev, Aleksandr"]
[Result "0-1"]
[WhiteTitle "FM"]
[WhiteElo "2191"]
[BlackElo "2324"]
[WhiteTeam "C.E. de Monte Carlo"]
[BlackTeam "Ladia Minsk"]
[WhiteFideId "200999"]
[BlackFideId "13507842"]
[EventDate "2012.10.11"]
[EventType "team-swiss"]

1. d4 d5 2. c4 dxc4 3. Nf3 Nf6 4. e3 Bg4 5. Bxc4 e6 6. Nc3 a6 7. h3 Bh5 8. O-O
Nc6 9. Be2 Bd6 10. b3 O-O 11. Bb2 Qe7 12. Ne5 Bxe2 13. Nxc6 Bxd1 14. Rfxd1 bxc6 0-1

[Event "28th European Club Cup"]
[Site "Eilat ISR"]
[Date "2012.10.12"]
[Round "2.14"]
[White "Harshkou, Mikita"]
[Black "Ribbegren, Karl Johan"]
[Result "1/2-1/2"]
[WhiteElo "2233"]
[BlackElo "2101"]
[WhiteTeam "Ladia Minsk"]
[BlackTeam "C.E. de Monte Carlo"]
[WhiteFideId "13504770"]
[BlackFideId "5400040"]
[EventDate "2012.10.11"]
[EventType "team-swiss"]

1. e3 g6 2. f4 Bg7 3. Nf3 d6 4. d3 Nh6 5. Be2 Nc6 6. Nc3 e5 7. e4 O-O 8. O-O f5
9. Nd5 Ne7 10. fxe5 Nxd5 11. exd5 dxe5 12. d4 exd4 13. Bc4 Ng4 14. Bg5 Qd7 15.
Re1 Ne3 16. Qd3 f4 17. Nxd4 Qg4 18. Rxe3 fxe3 19. Bxe3 Be5 20. Ne6 Qh4 21. Nxf8
Qxh2+ 22. Kf2 Bf5 23. d6+ Kh8 24. Qd5 Rxf8 25. Ke2 c6 26. Qf3 Bd3+ 27. Bxd3 Rxf3
28. Kxf3 Qg3+ 29. Ke4 Bxb2 30. Rb1 Qxg2+ 31. Kf4 g5+ 32. Kf5 Qf3+ 33. Ke6 Qxe3+
34. Kd7 Qe5 35. Rxb2 Qxb2 36. Kc8 Qf6 37. d7 Qe6 38. Kc7 Qe7 39. Kc8 Qe6 40. Kc7
Qe7 41. Kc8 Qe6 42. Kc7 Qe7 43. Kc8 1/2-1/2

[Event "28th European Club Cup"]
[Site "Eilat ISR"]
[Date "2012.10.12"]
[Round "2.14"]
[White "Farleigh, Richard"]
[Black "Terzi, Alexei"]
[Result "0-1"]
[WhiteElo "2184"]
[BlackElo "2115"]
[WhiteTeam "C.E. de Monte Carlo"]
[BlackTeam "Ladia Minsk"]
[WhiteFideId "5400112"]
[BlackFideId "13505076"]
[EventDate "2012.10.11"]
[EventType "team-swiss"]

1. d4 e6 2. Nf3 f5 3. Nc3 Nf6 4. Bg5 d5 5. e3 Bd6 6. Nb5 Bb4+ 7. Nd2 O-O 8. a3
Be7 9. Bf4 Na6 10. Be2 c5 11. O-O Bd7 12. Nc3 Qb6 13. dxc5 Nxc5 14. b4 Na4 15.
Nxa4 Bxa4 16. Qb1 Nd7 17. Bg3 Bf6 18. Ra2 Bc3 19. Qd1 Nf6 20. Bd3 Bxd2 21. Qxd2
Bb5 22. Qe2 a6 23. Be5 Nd7 24. Bd4 Qc6 25. Rfa1 Ba4 26. Rb1 e5 27. b5 Qe6 28.
Rb4 axb5 29. Ba1 Rfc8 30. Bxb5 Bxb5 31. Qxb5 b6 32. Qe2 d4 33. Rbb2 dxe3 34.
Qxe3 Ra4 35. Qb3 Qxb3 36. Rxb3 Rac4 37. Rbb2 R8c6 38. a4 Kf7 39. Kf1 R6c5 40.
Ke2 Ra5 41. Rb5 Raxa4 42. Rxa4 Rxa4 43. Bc3 Ke6 44. Rb1 Ra2 45. Kd2 g6 46. f3
Kd5 47. Rb5+ Kc6 48. Rb4 b5 49. g4 Ra4 50. gxf5 Rxb4 51. Bxb4 gxf5 52. Kd3 Kd5
53. Be7 Nb8 54. Bd8 Nc6 55. Bc7 Nd4 56. f4 e4+ 57. Kc3 h5 58. Be5 Nf3 0-1

[Event "28th European Club Cup"]
[Site "Eilat ISR"]
[Date "2012.10.12"]
[Round "2.14"]
[White "Sheremet, Anton"]
[Black "Iclicki, Willy"]
[Result "1/2-1/2"]
[WhiteElo "2095"]
[BlackElo "2044"]
[WhiteTeam "Ladia Minsk"]
[BlackTeam "C.E. de Monte Carlo"]
[WhiteFideId "13504452"]
[BlackFideId "200450"]
[EventDate "2012.10.11"]
[EventType "team-swiss"]

1. e4 c6 2. c4 d5 3. exd5 cxd5 4. cxd5 Nf6 5. Nc3 Nxd5 6. Nf3 e6 7. d4 Nc6 8.
Bd3 Be7 9. O-O O-O 10. a3 b6 11. Re1 Bb7 12. Bc2 Nxc3 13. bxc3 Bf6 14. Qd3 g6
15. Bh6 Re8 16. Rad1 Qd5 17. c4 Qh5 18. Qe3 Na5 19. Ne5 g5 20. Qh3 Qxh3 21. gxh3
Bg7 22. Bxg7 Kxg7 23. c5 Rec8 24. h4 h6 25. f4 Bd5 26. fxg5 hxg5 27. hxg5 bxc5
28. Rf1 Rc7 29. dxc5 Nc4 30. Nxc4 Bxc4 31. Rf4 Rxc5 32. Rd7 e5 33. Rf2 Be6 34.
Re7 e4 35. Bxe4 Rxg5+ 36. Rg2 Rxg2+ 37. Kxg2 Rb8 38. Rxa7 Rb2+ 39. Kg3 Rb3+ 40.
Kg2 Rb2+ 41. Kg1 Kf6 42. a4 Ke5 43. Rb7 Ra2 44. Rb4 Bd7 45. h4 Rxa4 46. Rxa4
Bxa4 47. h5 Kf6 48. h6 Bc6 1/2-1/2

[Event "28th European Club Cup"]
[Site "Eilat ISR"]
[Date "2012.10.12"]
[Round "2.15"]
[White "Stebbings, Anthony J"]
[Black "Ajvazi, Ramadan"]
[Result "1/2-1/2"]
[WhiteElo "2256"]
[BlackElo "2164"]
[WhiteTeam "Jutes of Kent"]
[BlackTeam "Chess Club Expik"]
[WhiteFideId "402427"]
[BlackFideId "909122"]
[EventDate "2012.10.11"]
[EventType "team-swiss"]

1. e4 c5 2. Nf3 d6 3. d4 cxd4 4. Nxd4 Nf6 5. Nc3 g6 6. Be2 Bg7 7. O-O O-O 8. Bg5
Nc6 9. Nb3 Be6 10. Kh1 Rc8 11. f4 Qd7 12. Bf3 Bg4 13. Qd2 Bxf3 14. Rxf3 Qe6 15.
Re1 Qc4 16. f5 Rfd8 17. Bh6 Bh8 18. Rh3 d5 19. fxg6 fxg6 20. exd5 Nxd5 21. Nxd5
Qxd5 22. Rd3 Qf5 23. Rxd8+ Rxd8 24. Qc1 Bg7 25. Bxg7 Kxg7 26. Rf1 Qe5 27. c3 Rf8
28. h3 Rxf1+ 29. Qxf1 Qf5 30. Kg1 e5 31. Qe1 b6 32. Qd2 Ne7 33. c4 Kf7 34. a3
Qf4 35. Qxf4+ exf4 36. Kf2 Kf6 37. Nd4 Ke5 38. Nb5 Nc6 39. b3 g5 40. Kf3 h5 41.
b4 Nd4+ 42. Nxd4 Kxd4 43. c5 bxc5 44. bxc5 Kxc5 45. h4 gxh4 46. Kxf4 a5 47. Kg5
h3 48. gxh3 a4 49. Kxh5 Kc4 50. h4 Kb3 51. Kg6 Kxa3 52. h5 Kb2 53. h6 a3 54. h7
a2 55. h8=Q+ Kb1 56. Qb8+ Kc2 57. Qc7+ Kb1 58. Qb6+ Kc2 59. Qc5+ Kb1 60. Qb4+
Kc2 61. Qa3 Kb1 62. Qb3+ Ka1 63. Kf5 1/2-1/2

[Event "28th European Club Cup"]
[Site "Eilat ISR"]
[Date "2012.10.12"]
[Round "2.15"]
[White "Zymberi, Astrit"]
[Black "Harakis, Alexis M"]
[Result "1-0"]
[WhiteElo "2161"]
[BlackElo "2229"]
[WhiteTeam "Chess Club Expik"]
[BlackTeam "Jutes of Kent"]
[WhiteFideId "4700295"]
[BlackFideId "403954"]
[EventDate "2012.10.11"]
[EventType "team-swiss"]

1. d4 e6 2. c4 d5 3. Nc3 Nf6 4. cxd5 exd5 5. Bg5 c6 6. Qc2 g6 7. e3 Bf5 8. Bd3
Bxd3 9. Qxd3 Be7 10. Nge2 Nbd7 11. O-O O-O 12. f3 Rc8 13. e4 dxe4 14. fxe4 c5
15. d5 c4 16. Qh3 Ne5 17. Rad1 Nfg4 18. Bxe7 Qxe7 19. d6 Qg5 20. Nd5 Rcd8 21.
Qg3 Rxd6 22. h3 Re6 23. hxg4 Nxg4 24. Nef4 Ra6 25. Nh3 Qh5 26. Rf4 f5 27. exf5
Nh6 28. Rdf1 Nxf5 29. Rxf5 Rxf5 30. Rxf5 Qd1+ 31. Kh2 1-0

[Event "28th European Club Cup"]
[Site "Eilat ISR"]
[Date "2012.10.12"]
[Round "2.15"]
[White "Naylor, John"]
[Black "Hamiti, Gani"]
[Result "1-0"]
[WhiteElo "2144"]
[BlackElo "2144"]
[WhiteTeam "Jutes of Kent"]
[BlackTeam "Chess Club Expik"]
[WhiteFideId "403172"]
[BlackFideId "4701194"]
[EventDate "2012.10.11"]
[EventType "team-swiss"]

1. e4 e5 2. Nf3 Nc6 3. Bb5 f5 4. Nc3 fxe4 5. Nxe4 d5 6. Nxe5 dxe4 7. Nxc6 Qg5 8.
Qe2 Nf6 9. f4 Qxf4 10. d4 Qh4+ 11. g3 Qh3 12. Ne5+ c6 13. Bc4 Be6 14. Bg5 Bd6
15. Rf1 O-O 16. O-O-O Kh8 17. Bxf6 gxf6 18. Bxe6 Qxe6 19. Qc4 Qe7 20. Ng4 f5 21.
Ne5 c5 22. Nd7 Rf7 23. dxc5 Bc7 24. c6 b6 25. Qd4+ Kg8 26. Qd5 Qg5+ 27. Kb1 Re8
28. Rde1 Qg6 29. a4 Qe6 30. c4 f4 31. gxf4 Qxd5 32. cxd5 Rf5 33. Ne5 Kf8 34. Ka2
Re7 35. Kb3 Ke8 36. Kc4 Bxe5 37. fxe5 Rfxe5 38. b4 e3 39. d6 R7e6 40. c7 Kd7 41.
Rf7+ Kc8 42. Rd1 1-0